<?xml version="1.0" encoding="UTF-8"?><?xml-stylesheet type="text/xsl" href="static/style.xsl"?><OAI-PMH xmlns="http://www.openarchives.org/OAI/2.0/" xmlns:xsi="http://www.w3.org/2001/XMLSchema-instance" xsi:schemaLocation="http://www.openarchives.org/OAI/2.0/ http://www.openarchives.org/OAI/2.0/OAI-PMH.xsd"><responseDate>2026-06-02T02:14:15Z</responseDate><request verb="GetRecord" identifier="oai:riuma.uma.es:10630/29279" metadataPrefix="marc">https://riuma.uma.es/rest/oai/request</request><GetRecord><record><header><identifier>oai:riuma.uma.es:10630/29279</identifier><datestamp>2026-02-03T11:02:52Z</datestamp><setSpec>com_10630_2254</setSpec><setSpec>col_10630_37953</setSpec></header><metadata><record xmlns="http://www.loc.gov/MARC21/slim" xmlns:dcterms="http://purl.org/dc/terms/" xmlns:doc="http://www.lyncode.com/xoai" xmlns:xsi="http://www.w3.org/2001/XMLSchema-instance" xsi:schemaLocation="http://www.loc.gov/MARC21/slim http://www.loc.gov/standards/marcxml/schema/MARC21slim.xsd">
   <leader>00925njm 22002777a 4500</leader>
   <datafield ind2=" " ind1=" " tag="042">
      <subfield code="a">dc</subfield>
   </datafield>
   <datafield ind2=" " ind1=" " tag="720">
      <subfield code="a">Moreno, Álvaro Miguel</subfield>
      <subfield code="e">author</subfield>
   </datafield>
   <datafield ind2=" " ind1=" " tag="720">
      <subfield code="a">Peláez-Márquez, José Ángel</subfield>
      <subfield code="e">author</subfield>
   </datafield>
   <datafield ind2=" " ind1=" " tag="720">
      <subfield code="a">De la Rosa, Elena</subfield>
      <subfield code="e">author</subfield>
   </datafield>
   <datafield ind2=" " ind1=" " tag="260">
      <subfield code="c">2024-01-09</subfield>
   </datafield>
   <datafield ind2=" " ind1=" " tag="520">
      <subfield code="a">We establish new characterizations of the Bloch space B which include descriptions in terms of classical fractional derivatives. Being precise, for an analytic function f (z) = E∞n=0 ^f(n)zn in the unit disc D, we define the fractional derivative Dμ( f )(z) = ∞E n=0 ^f (n)/μ2n+1 zn induced by a radial weight μ, where μ2n+1 = S01r 2n+1μ(r) dr are the odd moments of μ. Then, we consider the space Bμ of analytic functions f in D such that  f Bμ =supz∈D μ(z)|Dμ( f )(z)| &lt; ∞, where μ(z) = S1 |z| μ(s) ds. We prove that Bμ is continously&#xd;
embedded in B for any radial weight μ, and B = Bμ if and only if μ ∈ D = D ∩ Dq. A radial weight μ ∈ D if sup0≤r&lt;1 μ(r) μ  (1+r/2) &lt; ∞ and a radial weight μ ∈ Dq if there exist K = K(μ) > 1 such that inf0≤r&lt;1 μ(r) μ (1− 1−r/K) > 1.</subfield>
   </datafield>
   <datafield ind1="8" ind2=" " tag="024">
      <subfield code="a">Moreno, Á.M., Peláez, J.Á. &amp; de la Rosa, E. Fractional Derivative Description of the Bloch Space. Potential Anal (2024). https://doi.org/10.1007/s11118-023-10119-z</subfield>
   </datafield>
   <datafield ind1="8" ind2=" " tag="024">
      <subfield code="a">https://hdl.handle.net/10630/29279</subfield>
   </datafield>
   <datafield ind1="8" ind2=" " tag="024">
      <subfield code="a">10.1007/s11118-023-10119-z</subfield>
   </datafield>
   <datafield tag="653" ind2=" " ind1=" ">
      <subfield code="a">Funciones (Matemáticas)</subfield>
   </datafield>
   <datafield tag="653" ind2=" " ind1=" ">
      <subfield code="a">Números complejos</subfield>
   </datafield>
   <datafield tag="653" ind2=" " ind1=" ">
      <subfield code="a">Funciones de variable compleja</subfield>
   </datafield>
   <datafield ind2="0" ind1="0" tag="245">
      <subfield code="a">Fractional derivative description of the bloch space</subfield>
   </datafield>
</record>
</metadata></record></GetRecord></OAI-PMH>